Tactical pilotage chart, TPC. B-4B, Russia.

Bibliographic Details
Corporate Author: United States. National Imagery and Mapping Agency
Format: Government Document Map
Language:English
Published: [Bethesda, Md.] : The Agency ; [1997]
Edition:Ed. 2.
Subjects:

MARC

Tag First Indicator Second Indicator Subfields
LEADER 00000cem a2200000 a 4500
001 in00001402765
005 20151020052150.0
007 aj canzn
008 970813s1997 mduacg cc a f 0 eng d
010 |a gp 97067032  
034 1 |a a  |b 500000  |d E1370000  |e E1590000  |f N0800000  |g N0760000 
035 |a (OCoLC)37461663 
035 |9 AHM2879AM 
037 |a NSN 7641-01-409-8684  |b DOD 
037 |a TPCXXB 04 B  |b NIMA 
040 |a GPO  |c GPO  |d DLC  |d MvI  |d UtOrBLW 
052 |a 7201 
074 |a 0378-E-05 
086 0 |a D 5.354:TPC B-4 B/997 
090 |a G3201.P6 s500  |b .U5 TPC B-4B 
110 1 |a United States.  |b National Imagery and Mapping Agency. 
245 1 0 |a Tactical pilotage chart, TPC.  |n B-4B,  |p Russia. 
246 3 0 |a Russia 
246 2 |a TPC, Russia 
250 |a Ed. 2. 
255 |a Scale 1:500,000 ;  |b Lambert conformal conic proj., standard parallels 73⁰20ʹ and 78⁰40ʹ  |c (E 137⁰--E 159⁰/N 80⁰--N 76⁰). 
264 1 |a [Bethesda, Md.] :  |b The Agency ;  |c [1997] 
264 2 |a Riverdale, MD :  |b NOAA Distribution Branch (N/ACC3), National Ocean Service [distributor], 
300 |a 1 map :  |b color ;  |c 96 x 119 cm., on sheet 106 x 146 cm., folded to 27 x 37 cm. 
336 |a cartographic image  |b cri  |2 rdacontent 
337 |a unmediated  |b n  |2 rdamedia 
338 |a sheet  |b nb  |2 rdacarrier 
500 |a Relief shown by contours, tints, and spot heights. 
500 |a "Air information current through 30 December 1996." 
500 |a "Compiled August 1989, revised December 1996." 
500 |a "Printed by NIMA 6-97." 
500 |a "Copyright 1997 by the United States Government. No copyright claimed under Title 17 U.S.C." 
500 |a Includes elevation tints and interchart relationship diagrams. 
500 |a Cartographic material. 
650 0 |a Aeronautical charts  |z Russia (Federation) 
999 |a MARS 
999 f f |s 7c904cb3-d1f5-3884-8928-fb290260917e  |i 4f1c242b-557b-3730-bc77-aece4d0b56fa  |t 0 
952 f f |p normal  |a Texas A&M University  |b College Station  |c Sterling C. Evans Library  |d Evans: Maps File (2nd floor)  |t 0  |e G3201.P6 s500 .U5 TPC B-4B  |h Library of Congress classification  |i unmediated -- sheet  |m A14827047363 
952 f f |p normal  |a Texas A&M University  |b College Station  |c Sterling C. Evans Library  |d Evans: Maps File (2nd floor)  |t 0  |e G3201.P6 s500 .U5 TPC B-4B  |h Library of Congress classification  |i unmediated -- sheet  |m A14823087175 
998 f f |a G3201.P6 s500 .U5 TPC B-4B  |t 0  |l Evans: Maps File (2nd floor) 
998 f f |a G3201.P6 s500 .U5 TPC B-4B  |t 0  |l Evans: Maps File (2nd floor)